[Event "Budapest FS12 Nadassy"]
[Site "Budapest"]
[Date "2019.12.16"]
[Round "9.1"]
[White "Poor, Sandor"]
[Black "Berenyi, Lajos"]
[Result "1-0"]
[WhiteElo "2181"]
[BlackElo "1758"]
[PlyCount "53"]
[EventDate "2019.12.07"]
[EventType "team-schev"]
[EventRounds "12"]
[EventCountry "HUN"]
[SourceTitle "CBM 193 Extra"]
[Source "ChessBase"]
[SourceDate "2020.01.31"]
[SourceVersion "1"]
[SourceVersionDate "2020.01.31"]
[SourceQuality "1"]
[WhiteTeam "A Team Higher Elo"]
[BlackTeam "B Team Lower Elo"]
[WhiteTeamCountry "HUN"]
[BlackTeamCountry "HUN"]

1. d4 Nf6 2. c4 g6 3. Nc3 Bg7 4. e4 d6 5. Bd3 0-0 6. Nge2 c5 7. d5 e6 8. 0-0 exd5 9. cxd5 Na6 10. h3 Nc7 11. a4 b6 12. Ng3 a6 13. Re1 Rb8 14. Bf1 b5 15. Bf4 bxa4 16. Nxa4 Re8 17. Rc1 Nb5 18. Nxc5 g5 19. Bxg5 dxc5 20. e5 Bb7 21. exf6 Rxe1 22. Qxe1 Qxd5 23. Bf4 Rd8 24. fxg7 Nd4 25. Qe5 Qb3 26. Qe7 Rc8 27. Rxc5 1-0

[Event "Budapest FS12 Nadassy"]
[Site "Budapest"]
[Date "2019.12.13"]
[Round "7.3"]
[White "Berenyi, Lajos"]
[Black "Szalanczy, Emil"]
[Result "0-1"]
[WhiteElo "1758"]
[BlackElo "2080"]
[PlyCount "114"]
[EventDate "2019.12.07"]
[EventType "team-schev"]
[EventRounds "12"]
[EventCountry "HUN"]
[SourceTitle "CBM 193 Extra"]
[Source "ChessBase"]
[SourceDate "2020.01.31"]
[SourceVersion "1"]
[SourceVersionDate "2020.01.31"]
[SourceQuality "1"]
[WhiteTeam "B Team Lower Elo"]
[BlackTeam "A Team Higher Elo"]
[WhiteTeamCountry "HUN"]
[BlackTeamCountry "HUN"]

1. Nf3 c5 2. g3 g6 3. Bg2 Bg7 4. 0-0 Nf6 5. c4 Nc6 6. Nc3 0-0 7. d4 cxd4 8. Nxd4 Ng4 9. e3 d6 10. b3 Bd7 11. Bb2 Nxd4 12. exd4 Rb8 13. h3 Nf6 14. Qd2 Qa5 15. Rfd1 Rfc8 16. Nd5 Qxd2 17. Nxe7+ Kf8 18. Nxg6+ hxg6 19. Rxd2 b5 20. Ba3 b4 21. Bb2 d5 22. c5 a5 23. a4 Re8 24. Kf1 Ne4 25. Re2 f5 26. Bxe4 fxe4 27. Kg2 Kf7 28. Rd1 g5 29. g4 Kg6 30. Bc1 Rf8 31. Be3 Rf3 32. Rc2 Bc6 33. Rh1 Bf6 34. Rh2 Rh8 35. Rh1 Bd8 36. Re2 Bc7 37. Ree1 Bf4 38. Re2 Kf7 39. Ree1 Ke6 40. Re2 Kd7 41. Ree1 Bb7 42. Re2 Ba6 43. Ree1 Bd3 44. Bxf4 Rxf4 45. Rh2 Rhf8 46. Kg1 Rf3 47. Re3 Bc2 48. h4 gxh4 49. Rxh4 Rxf2 50. g5 R2f5 51. Rg3 e3 52. Rh7+ Kc8 53. Re7 Be4 54. Rxe4 dxe4 55. Rxe3 Rxg5+ 56. Kh2 Rh8+ 57. Rh3 Rxh3+ 0-1

[Event "Budapest FS07 FM"]
[Site "Budapest"]
[Date "2019.07.13"]
[Round "7"]
[White "Szoukup, Istvan"]
[Black "Berenyi, Lajos"]
[Result "0-1"]
[WhiteElo "1495"]
[BlackElo "2076"]
[PlyCount "50"]
[EventDate "2019.07.06"]
[EventType "tourn"]
[EventRounds "10"]
[EventCountry "HUN"]
[SourceTitle "EXT 2020"]
[Source "ChessBase"]
[SourceDate "2019.10.17"]
[SourceVersion "1"]
[SourceVersionDate "2019.10.17"]
[SourceQuality "1"]

1. e4 c5 2. Nf3 d6 3. d4 cxd4 4. Nxd4 Nf6 5. Nc3 a6 6. Bg5 e6 7. f4 Be7 8. Qf3 Qc7 9. 0-0-0 Nbd7 10. g4 b5 11. f5 Ne5 12. Qg2 b4 13. Nb1 Rb8 14. fxe6 fxe6 15. Bxa6 Bxa6 16. Nxe6 Qc6 17. Nxg7+ Kf7 18. Nf5 Nd3+ 19. Rxd3 Bxd3 20. Qf2 Rhc8 21. Nxe7 Qxc2+ 22. Qxc2 Rxc2+ 23. Kd1 Rxb2 24. Nc6 Rxb1+ 25. Bc1 Rc8 0-1

[Event "Budapest FS07 FM"]
[Site "Budapest"]
[Date "2019.07.12"]
[Round "6"]
[White "Berenyi, Lajos"]
[Black "Hofstadler, Mario"]
[Result "1-0"]
[WhiteElo "2076"]
[BlackElo "1718"]
[PlyCount "73"]
[EventDate "2019.07.06"]
[EventType "tourn"]
[EventRounds "10"]
[EventCountry "HUN"]
[SourceTitle "EXT 2020"]
[Source "ChessBase"]
[SourceDate "2019.10.17"]
[SourceVersion "1"]
[SourceVersionDate "2019.10.17"]
[SourceQuality "1"]

1. Nf3 Nf6 2. g3 d5 3. Bg2 Bf5 4. 0-0 h6 5. c4 c6 6. d4 e6 7. Nc3 Nbd7 8. Qb3 Qb6 9. c5 Qa6 10. Re1 b6 11. cxb6 axb6 12. Ne5 Nxe5 13. dxe5 Nd7 14. e4 Nc5 15. Qd1 dxe4 16. Nxe4 Nxe4 17. Bxe4 Bxe4 18. Rxe4 Rd8 19. Qc2 c5 20. Be3 Be7 21. Ra4 Qb7 22. Rg4 g5 23. Re4 Rd5 24. a4 Kd7 25. Qe2 Rd8 26. a5 bxa5 27. Rxa5 Kc7 28. Qc4 Rxe5 29. Ra7 Qxa7 30. Rxe5 Qa1+ 31. Kg2 Qa8+ 32. Kh3 h5 33. Bxg5 Bxg5 34. Rxc5+ Kd7 35. Rxg5 Qf3 36. Qb5+ Ke7 37. Qc5+ 1-0